000 00980nmm a2200289 a 4500
001 ocm000643449
003 TR-IsHL
005 20201028131034.0
008 131010s2010 tu tur
007 cr cn
020 _a9789944940962
035 _a643449
_b(N$T)
050 0 4 _aPL230
_b.İ53 2010
090 0 4 _aPL230
_b.İ53 2010
100 1 _aİnan Sönmez, Sevil
245 1 0 _aOrta Çağ'a ışık tutan Türk filozofu Farabi
_h[electronic resource] /
_cSevil İnan Sönmez ; ed. Erdal Çakıcıoğlu ; res. Ahmet Kaya
260 _aİstanbul :
_bAkvaryum Yayınları,
_c2010
300 _a80 p.
650 4 _aDil ve Edebiyat
650 4 _aLanguage and Literature
650 0 _aÇocuk edebiyatı
650 0 _aChildren literature
650 7 _aLITERARY COLLECTIONS / Middle Eastern
_2bisacsh
700 1 _aÇakıcıoğlu, Erdal
700 1 _aKaya, Ahmet
856 4 0 _uhttp://search.ebscohost.com/login.aspx?direct=true&scope=site&db=e011xww&AN=643449
999 _c4347
_d4347